书目信息 |
| 题名: |
毛主席的五篇哲学著作
|
|
| 作者: | 本社编 | |
| 分册: | ||
| 出版信息: | 北京 人民出版社 1970 |
|
| 页数: | 228页 | |
| 开本: | 13cm | |
| 丛书名: | ||
| 单 册: | ||
| 中图分类: | A42 | |
| 科图分类: | ||
| 主题词: | 毛泽东著作--单行本 | |
| 电子资源: | ||
| ISBN: | ||
| 000 | 00491nam0 2200181 450 | |
| 001 | 0637865250 | |
| 005 | 20060808103212.60 | |
| 010 | @dCNY0.37 | |
| 100 | @a20060808d1970 km y0chiy0120 ea | |
| 101 | 0 | @achi |
| 102 | @aCN@b110000 | |
| 200 | 1 | @a毛主席的五篇哲学著作@Amao zhu xi de wu pian zhe xue zhu zuo@f本社编@Fben she bian |
| 210 | @a北京@c人民出版社@d1970 | |
| 215 | @a228页@d13cm | |
| 606 | 0 | @a毛泽东著作@x单行本 |
| 690 | @aA42@v3 | |
| 801 | 0 | @aCN@bPFT@c20060808 |
| 905 | @a10447@dA42@e35 | |
| 毛主席的五篇哲学著作/本社编.-北京:人民出版社,1970 |
| 228页;13cm |
| ISBN :CNY0.37 |
| ● |
| 相关链接 |
|
|
|
|
正题名:毛主席的五篇哲学著作
索取号:A42/35
 
预约/预借
| 序号 | 登录号 | 条形码 | 馆藏地/架位号 | 状态 | 备注 |
| 1 | 0447286 | 204472864 | 密集书库/ [索取号:A42/35] | 在馆 |